000 00434nam a2200181Ia 4500
001 1265
005 20260306140619.0
008 260306t1965||||xx |||||||||||||| ||spa||
041 _aESP
082 _a190
_bH27
100 _aHawkins, D. J. B.
_eAUT
245 0 _aProblemas cruciales de la filosofía moderna
260 _c1965
300 _a222 páginas :
_c18 cm.
650 _aGEN
654 _aCHU
942 _cLIB
_dJUS
_fJUS
_2ddc
_n
999 _c1265
_d1265